000 00771nam a2200181 i 4500
001 153679
003 ES-MaACL
005 20230906205334.0
008 051007s1862 sp | |||||||| ||spa d
040 _aCAM
_bspa
_cCAM
100 1 _aEscardó y García, R.
_9126949
245 1 0 _aDiario de un español, soldado garibaldino /
_c[R. Escardó y García].
260 _aMadrid :
_b[s.n.],
_c1862 (
_fImprenta de Las Novedades, á cargo de A. Querol)
300 _a131 p. ;
_c15 cm.
594 _aTexto firmado por R. Escardó y García, teniente de E.M. en los voluntarios italianos.
651 4 _aItalia-
_xHistoria-
_y1849-1870.
_98869
852 _aES-MaACL
_jD-3879(3)
_z-- Enc. hol., falto de la enc. original
_z-- Legado de M. de la Fuente
_z-- Enc. en un vol. facticio
999 _c153679
_d153679